| 000 | 00557nam a2200181Ia 4500 | ||
|---|---|---|---|
| 008 | 090123s9999 xx 000 0 und d | ||
| 082 |
_b5052 _a891.463/इनाम |
||
| 100 | _aइनामदार नागनाथ संतराम | ||
| 245 | _aराऊ | ||
| 250 | _a2 | ||
| 260 |
_bकल्पना _c1978 |
||
| 300 | _a417 | ||
| 600 | _aइनामदार नागनाथ संतराम | ||
| 630 | _aराऊ | ||
| 700 | _aइनामदार नागनाथ संतराम | ||
| 730 | _aराऊ | ||
| 942 | _cBOOK | ||
| 999 |
_c43127 _d43127 |
||